[Event "Children of Asia"]
[Site "?"]
[Date "2016.07.11"]
[Round "6"]
[White "Bezotachestvo, Konstantin"]
[Black "Koniahli, Malek"]
[Result "0-1"]
[WhiteElo "2117"]
[BlackElo "1958"]
[PlyCount "114"]

1. d4 Nf6 2. c4 e6 3. g3 d5 4. Bg2 c6 5. Qc2 Nbd7 6. Nf3 Bd6 7. O-O O-O 8. Rd1
Ne4 9. Nc3 f5 10. b3 Ndf6 11. Bb2 f4 12. Nxe4 Nxe4 13. Ne5 Ng5 14. Rd3 Bxe5 15.
dxe5 Bd7 16. Rad1 Qe7 17. Qc1 fxg3 18. Rxg3 Rf5 19. Ba3 Qd8 20. Qd2 Nf7 21. e4
Rxe5 22. cxd5 exd5 23. exd5 Qh4 24. f4 Rh5 25. Qd4 g6 26. Bb2 Ne5 27. Rdd3 c5
28. Qxe5 Qxh2+ 29. Kf2 Rxe5 30. fxe5 Rf8+ 31. Rdf3 Rxf3+ 32. Rxf3 Qh4+ 33. Kg1
Qe1+ 34. Kh2 Bf5 35. Bc3 Qh4+ 36. Kg1 Be4 37. Re3 Bxg2 38. Kxg2 Qg4+ 39. Kf2
Qf5+ 40. Rf3 Qc2+ 41. Kg3 Qd1 42. d6 h5 43. Kf2 g5 44. Re3 Qc2+ 45. Ke1 Qc1+
46. Ke2 Qc2+ 47. Bd2 Qf5 48. e6 Qg4+ 49. Kf2 Kf8 50. Ke1 Qg1+ 51. Ke2 Qh2+ 52.
Ke1 Qxd6 53. e7+ Ke8 54. Re2 h4 55. Kf1 Qf6+ 56. Kg2 g4 57. Re3 h3+ 0-1

[Event "Children of Asia"]
[Site "?"]
[Date "2016.07.11"]
[Round "6"]
[White "Mestnikov, Aisen"]
[Black "Mohammad Fahad, Rahman"]
[Result "1-0"]
[WhiteElo "2135"]
[BlackElo "2156"]
[PlyCount "99"]

1. d4 Nf6 2. c4 e6 3. g3 c5 4. d5 exd5 5. cxd5 b5 6. Bg2 d6 7. e4 Nbd7 8. Bf4
Ne5 9. Bxe5 dxe5 10. Ne2 Bd6 11. O-O O-O 12. a4 Bd7 13. axb5 Bxb5 14. Na3 Ba6
15. Qc2 Rb8 16. Rfc1 Rb4 17. Nc3 Qd7 18. Nab1 Qb7 19. Nd1 Rd4 20. Ra3 Rb8 21.
Ne3 Rb4 22. Nd1 Rd4 23. Ne3 Rb4 24. Nd1 Bc4 25. Nd2 Be2 26. Rca1 a6 27. R3a2
Rd4 28. Bf1 Bxf1 29. Kxf1 Qb5+ 30. Ke1 Ng4 31. Nc3 Qd7 32. Nf3 Rdb4 33. Kf1 f5
34. exf5 e4 35. Nh4 Be7 36. h3 Ne5 37. Ng2 Qxf5 38. g4 Qf3 39. Re1 Nd3 40. Re3
Qf7 41. Nxe4 Qxd5 42. Nc3 Qf7 43. Qxd3 Bf6 44. Qd5 Qxd5 45. Nxd5 Rxb2 46. Nxf6+
gxf6 47. Rxa6 Rc8 48. Nf4 c4 49. Nd5 Rd2 50. Ne7+ 1-0

[Event "detiasii2b"]
[Site "?"]
[Date "2016.07.12"]
[Round "7.1"]
[White "Tran, Minh Thang"]
[Black "Sin, Denis"]
[Result "1/2-1/2"]
[BlackElo "2214"]
[WhiteElo "2370"]
[LiveChessVersion "1.4.8"]

1. d4 {[%clk 1:30:53]} Nf6 {[%clk 1:30:50]} 2. Nf3 {[%clk 1:30:27]} e6
{[%clk 1:31:14]} 3. c4 {[%clk 1:30:53]} c5 {[%clk 1:31:41]} 4. d5
{[%clk 1:31:19]} exd5 {[%clk 1:32:07]} 5. cxd5 {[%clk 1:31:46]} d6
{[%clk 1:32:34]} 6. Nc3 {[%clk 1:32:04]} g6 {[%clk 1:32:59]} 7. Bf4
{[%clk 1:31:35]} Bg7 {[%clk 1:33:25]} 8. Qa4+ {[%clk 1:32:00]} Bd7
{[%clk 1:33:50]} 9. Qb3 {[%clk 1:32:18]} Qc7 {[%clk 1:34:14]} 10. e3
{[%clk 1:28:54]} O-O {[%clk 1:25:53]} 11. h3 {[%clk 1:28:50]} a6 {[%clk 1:05:08]}
12. a4 {[%clk 1:23:42]} Re8 {[%clk 1:04:27]} 13. Nd2 {[%clk 1:23:44]} Bc8
{[%clk 0:54:48]} 14. Nc4 {[%clk 1:23:03]} Bf8 {[%clk 0:55:08]} 15. Nb6
{[%clk 1:18:18]} Ra7 {[%clk 0:55:22]} 16. Bd3 {[%clk 1:18:46]} Nbd7
{[%clk 0:53:16]} 17. a5 {[%clk 1:19:15]} Qd8 {[%clk 0:51:30]} 18. Nc4
{[%clk 1:18:59]} Qc7 {[%clk 0:49:43]} 19. O-O {[%clk 1:18:28]} Ra8
{[%clk 0:48:20]} 20. e4 Nh5 {[%clk 0:46:17]} 21. Bh2 {[%clk 1:18:52]} Ne5
{[%clk 0:44:34]} 22. Bxe5 {[%clk 1:09:23]} dxe5 {[%clk 0:45:01]} 23. d6
{[%clk 1:08:50]} Qd8 {[%clk 0:32:32]} 24. Nd5 {[%clk 1:06:14]} Be6
{[%clk 0:32:21]} 25. Nc7 {[%clk 1:03:39]} Qg5 {[%clk 0:31:47]} 26. Nxe6
{[%clk 1:03:50]} Rxe6 {[%clk 0:31:55]} 27. Be2 {[%clk 1:01:53]} Nf4
{[%clk 0:31:17]} 28. Bg4 {[%clk 1:02:22]} h5 {[%clk 0:30:41]} 29. Bf3
{[%clk 1:02:46]} Nxh3+ {[%clk 0:23:18]} 30. Kh2 {[%clk 1:03:15]} Nf4
{[%clk 0:23:03]} 31. g3 {[%clk 1:03:39]} Rf6 {[%clk 0:23:31]} 32. gxf4
{[%clk 1:00:40]} Rxf4 {[%clk 0:22:18]} 33. Bg2 {[%clk 1:01:05]} Rh4+
{[%clk 0:22:44]} 34. Kg1 {[%clk 1:01:13]} Rxe4 {[%clk 0:17:56]} 35. Qxb7
{[%clk 1:00:18]} Rxc4 {[%clk 0:18:24]} 36. Qxa8 {[%clk 1:00:41]} Rg4
{[%clk 0:18:43]} 37. d7 {[%clk 1:00:17]} e4 {[%clk 0:19:03]} 38. d8=Q
{[%clk 1:00:25]} Rxg2+ {[%clk 0:19:28]} 39. Kh1 {[%clk 1:00:54]} Rh2+
{[%clk 0:19:37]} 40. Kxh2 {[%clk 1:00:50]} Qf4+ {[%clk 0:20:01]} 41. Kg2
{[%clk 1:00:31]} Qf3+ {[%clk 0:20:02]} 42. Kg1 {[%clk 1:00:42]} Qg4+
{[%clk 0:20:27]} 43. Kh2 {[%clk 1:01:06]} Qf4+ {[%clk 0:20:52]} 44. Kh3
{[%clk 1:01:30]} Qg4+ {[%clk 0:21:16]} 1/2-1/2

[Event "detiasii2b"]
[Site "?"]
[Date "2016.07.12"]
[Round "7.2"]
[White "Nguyen, Dang Hong Phuc"]
[Black "Sezdbekov, Ruslan"]
[Result "1/2-1/2"]
[BlackElo "2043"]
[WhiteElo "2147"]
[LiveChessVersion "1.4.8"]

1. d4 {[%clk 1:30:58]} Nf6 {[%clk 1:30:48]} 2. Nf3 {[%clk 1:31:27]} e6
{[%clk 1:31:05]} 3. c4 {[%clk 1:31:51]} d5 {[%clk 1:31:28]} 4. g3
{[%clk 1:32:20]} Be7 {[%clk 1:31:33]} 5. Bg2 {[%clk 1:32:49]} O-O
{[%clk 1:31:45]} 6. O-O {[%clk 1:33:17]} Nbd7 {[%clk 1:31:30]} 7. Qc2
{[%clk 1:33:38]} c5 {[%clk 1:28:28]} 8. cxd5 {[%clk 1:32:14]} exd5
{[%clk 1:28:52]} 9. Nc3 {[%clk 1:31:44]} b6 {[%clk 1:28:29]} 10. Rd1
{[%clk 1:18:59]} Bb7 {[%clk 1:19:39]} 11. Bf4 {[%clk 0:52:55]} Rc8
{[%clk 1:17:56]} 12. dxc5 {[%clk 0:46:42]} Nxc5 {[%clk 1:12:03]} 13. Bh3
{[%clk 0:41:30]} Ne6 {[%clk 1:08:13]} 14. Nd4 {[%clk 0:32:54]} Nxd4
{[%clk 1:04:45]} 15. Rxd4 {[%clk 0:33:22]} Bc5 {[%clk 1:00:27]} 16. Bxc8
{[%clk 0:28:10]} Qxc8 {[%clk 1:00:43]} 17. Rad1 {[%clk 0:27:52]} Qh3
{[%clk 0:58:20]} 18. f3 {[%clk 0:26:31]} Re8 {[%clk 0:47:40]} 19. Na4
{[%clk 0:15:40]} Bxd4+ {[%clk 0:45:56]} 20. Rxd4 {[%clk 0:16:09]} Qe6
{[%clk 0:44:37]} 21. Nc3 {[%clk 0:16:04]} h6 {[%clk 0:42:13]} 22. g4
{[%clk 0:14:02]} a6 {[%clk 0:32:55]} 23. a4 {[%clk 0:09:43]} Nd7 {[%clk 0:28:00]}
24. Qd1 {[%clk 0:08:12]} Nf6 {[%clk 0:24:02]} 25. Bg3 {[%clk 0:08:13]} Bc6
{[%clk 0:21:56]} 26. Bf2 {[%clk 0:07:48]} b5 {[%clk 0:21:28]} 27. axb5
{[%clk 0:08:12]} axb5 {[%clk 0:21:22]} 28. Qd3 {[%clk 0:07:33]} g6
{[%clk 0:19:58]} 29. Bh4 {[%clk 0:05:27]} g5 {[%clk 0:17:06]} 30. Bf2
{[%clk 0:05:54]} Rb8 {[%clk 0:16:35]} 31. Rb4 {[%clk 0:04:56]} Nd7
{[%clk 0:14:00]} 32. Rd4 {[%clk 0:03:47]} Nf6 {[%clk 0:13:50]} 33. Nd1
{[%clk 0:03:43]} Nd7 {[%clk 0:12:19]} 34. Ne3 {[%clk 0:03:59]} Ne5
{[%clk 0:12:21]} 35. Qf5 {[%clk 0:03:16]} Nc4 {[%clk 0:11:19]} 36. Nxd5
{[%clk 0:02:55]} Bxd5 {[%clk 0:11:13]} 37. Rxd5 {[%clk 0:03:24]} Qxe2
{[%clk 0:11:17]} 38. Rd7 {[%clk 0:03:06]} Ne5 {[%clk 0:09:49]} 39. Rxf7
{[%clk 0:01:58]} Nxf7 {[%clk 0:08:12]} 40. Qg6+ {[%clk 0:02:27]} Kf8
{[%clk 0:06:42]} 41. Bc5+ {[%clk 0:02:57]} Ke8 {[%clk 0:06:54]} 42. Qg8+
{[%clk 0:02:17]} Kd7 {[%clk 0:07:19]} 43. Qxb8 {[%clk 0:02:39]} Ne5
{[%clk 0:06:14]} 1/2-1/2

[Event "detiasii2b"]
[Site "?"]
[Date "2016.07.12"]
[Round "7.3"]
[White "Garidmagnai, Byambasuren"]
[Black "Kalabukhov, Bogdan"]
[Result "1-0"]
[BlackElo "2133"]
[WhiteElo "2185"]
[LiveChessVersion "1.4.8"]

1. d4 {[%clk 1:31:00]} d5 {[%clk 1:23:56]} 2. c4 {[%clk 1:31:21]} e6
{[%clk 1:24:22]} 3. Nc3 {[%clk 1:31:47]} c6 {[%clk 1:24:49]} 4. e3
{[%clk 1:32:12]} Bd6 {[%clk 1:25:13]} 5. Bd3 {[%clk 1:32:32]} f5 {[%clk 1:25:37]}
6. Nge2 {[%clk 1:30:00]} Nf6 {[%clk 1:25:55]} 7. f3 {[%clk 1:29:07]} O-O
{[%clk 1:25:52]} 8. Qc2 {[%clk 1:29:10]} dxc4 {[%clk 1:25:48]} 9. Bxc4
{[%clk 1:29:33]} b5 {[%clk 1:26:17]} 10. Bb3 {[%clk 1:28:30]} Kh8
{[%clk 1:26:37]} 11. Bd2 {[%clk 1:27:57]} Na6 {[%clk 1:20:34]} 12. a3
{[%clk 1:23:05]} Rb8 {[%clk 1:20:27]} 13. O-O {[%clk 1:20:50]} Qc7
{[%clk 1:07:22]} 14. g3 {[%clk 1:19:52]} c5 {[%clk 1:07:36]} 15. dxc5
{[%clk 1:18:57]} Nxc5 {[%clk 1:02:49]} 16. Ba2 {[%clk 1:15:07]} b4
{[%clk 0:55:25]} 17. axb4 {[%clk 1:15:09]} Na6 {[%clk 0:53:20]} 18. Bxe6
{[%clk 1:06:29]} Bxe6 {[%clk 0:47:40]} 19. Rxa6 {[%clk 1:06:49]} Bc4
{[%clk 0:47:29]} 20. Rfa1 {[%clk 0:50:49]} Bxa6 {[%clk 0:37:51]} 21. Rxa6
{[%clk 0:51:10]} Bxb4 {[%clk 0:33:10]} 22. Nd4 {[%clk 0:47:45]} Qb7
{[%clk 0:28:18]} 23. Ra1 {[%clk 0:43:26]} Nd7 {[%clk 0:20:57]} 24. Rf1
{[%clk 0:31:13]} Ne5 {[%clk 0:19:40]} 25. f4 {[%clk 0:30:35]} Nc4
{[%clk 0:19:15]} 26. Bc1 {[%clk 0:30:57]} Nd6 {[%clk 0:15:40]} 27. Nce2
{[%clk 0:28:46]} Rfc8 {[%clk 0:14:10]} 28. Qd3 {[%clk 0:28:42]} Qe4
{[%clk 0:13:24]} 29. Qxe4 {[%clk 0:28:51]} Nxe4 {[%clk 0:07:46]} 30. Nxf5
{[%clk 0:27:54]} Bd2 {[%clk 0:07:19]} 31. Bxd2 {[%clk 0:22:30]} Nxd2
{[%clk 0:06:33]} 32. Ra1 {[%clk 0:22:57]} Rxb2 {[%clk 0:06:15]} 33. Rxa7
{[%clk 0:23:14]} g6 {[%clk 0:05:18]} 34. Nfd4 {[%clk 0:22:15]} Nf3+
{[%clk 0:05:35]} 35. Nxf3 {[%clk 0:22:02]} Rxe2 {[%clk 0:05:58]} 36. Ra1
{[%clk 0:22:18]} Rxe3 {[%clk 0:06:21]} 37. Kf2 {[%clk 0:22:16]} Rec3
{[%clk 0:06:07]} 38. Ne5 {[%clk 0:19:59]} Rc2+ {[%clk 0:06:03]} 39. Kf3
{[%clk 0:20:26]} Rxh2 {[%clk 0:05:37]} 40. Ra7 {[%clk 0:20:54]} Rb8
{[%clk 0:02:35]} 41. Kg4 {[%clk 0:16:51]} Rhb2 {[%clk 0:01:42]} 42. Nf7+
{[%clk 0:13:26]} Kg8 {[%clk 0:01:58]} 43. Nh6+ {[%clk 0:13:50]} Kh8
{[%clk 0:02:17]} 44. Nf7+ {[%clk 0:14:16]} Kg7 {[%clk 0:02:16]} 45. Nd6+
{[%clk 0:13:32]} Kg8 {[%clk 0:02:14]} 46. Kg5 {[%clk 0:12:52]} R2b6
{[%clk 0:01:34]} 47. Rd7 {[%clk 0:13:00]} Ra6 {[%clk 0:01:16]} 48. Kh6
{[%clk 0:13:07]} g5 {[%clk 0:00:39]} 49. f5 {[%clk 0:13:07]} Rf8 {[%clk 0:00:40]}
50. Rg7+ {[%clk 0:09:10]} Kh8 {[%clk 0:01:06]} 51. Rxh7+ {[%clk 0:09:38]} Kg8
{[%clk 0:01:35]} 52. Rg7+ {[%clk 0:10:01]} Kh8 {[%clk 0:02:04]} 53. Rg6
{[%clk 0:10:22]} Ra7 {[%clk 0:02:17]} 54. f6 {[%clk 0:10:31]} Rh7+
{[%clk 0:01:17]} 55. Kxg5 {[%clk 0:10:53]} Rd8 {[%clk 0:01:21]} 56. Nf5
{[%clk 0:10:26]} Rd5 {[%clk 0:00:48]} 57. g4 {[%clk 0:10:46]} Rdd7
{[%clk 0:00:38]} 58. Rh6 {[%clk 0:04:19]} Rxh6 {[%clk 0:00:37]} 59. Kxh6
{[%clk 0:04:45]} Kg8 {[%clk 0:00:58]} 60. Kg6 {[%clk 0:05:12]} Kf8
{[%clk 0:01:14]} 61. Ng7 {[%clk 0:05:25]} Rd6 {[%clk 0:01:12]} 62. g5
{[%clk 0:05:49]} Ra6 {[%clk 0:01:32]} 63. Nh5 {[%clk 0:06:04]} Kg8
{[%clk 0:01:22]} 64. Kh6 {[%clk 0:06:10]} Kh8 {[%clk 0:00:44]} 65. Nf4
{[%clk 0:05:13]} Kg8 {[%clk 0:01:03]} 66. Kg6 {[%clk 0:05:26]} Kf8
{[%clk 0:00:54]} 67. Nd3 {[%clk 0:05:21]} Kg8 {[%clk 0:00:55]} 68. Ne5
{[%clk 0:05:48]} Ra7 {[%clk 0:01:19]} 69. Kf5 {[%clk 0:06:01]} Ra6
{[%clk 0:01:23]} 70. g6 {[%clk 0:06:11]} Ra7 {[%clk 0:01:37]} 71. Ke6
{[%clk 0:06:12]} Ra6+ {[%clk 0:02:01]} 72. Ke7 {[%clk 0:06:36]} Ra7+
{[%clk 0:02:25]} 73. Nd7 {[%clk 0:07:03]} Kh8 {[%clk 0:02:50]} 74. g7+
{[%clk 0:07:14]} Kh7 {[%clk 0:03:11]} 75. f7 {[%clk 0:07:31]} Kxg7
{[%clk 0:03:30]} 76. f8=Q+ {[%clk 0:07:54]} Kg6 {[%clk 0:03:57]} 77. Qf6+
{[%clk 0:08:10]} Kh5 {[%clk 0:04:25]} 78. Qf5+ {[%clk 0:08:34]} Kh6
{[%clk 0:04:48]} 79. Qh3+ {[%clk 0:08:37]} Kg5 {[%clk 0:05:11]} 80. Qg3+
{[%clk 0:09:01]} Kf5 {[%clk 0:05:36]} 81. Qf2+ {[%clk 0:09:27]} Ke4
{[%clk 0:06:02]} 82. Qxa7 {[%clk 0:09:53]} Kd5 {[%clk 0:06:28]} 83. Qc5+
{[%clk 0:10:07]} Ke4 {[%clk 0:06:56]} 84. Nf6+ {[%clk 0:10:32]} Kf4
{[%clk 0:07:22]} 85. Qd4+ {[%clk 0:10:53]} Kf5 {[%clk 0:07:49]} 86. Qg4+
{[%clk 0:11:19]} Ke5 {[%clk 0:08:14]} 87. Qe4# {[%clk 0:11:46]} Kd5 1-0

[Event "detiasii2b"]
[Site "?"]
[Date "2016.07.12"]
[Round "7.4"]
[White "Tarigan, Gilbert Elroy"]
[Black "Gasimov, Parviz"]
[Result "1-0"]
[BlackElo "2358"]
[WhiteElo "1914"]
[LiveChessVersion "1.4.8"]

1. d4 {[%clk 1:30:50]} Nf6 {[%clk 1:30:34]} 2. Nf3 {[%clk 1:30:38]} c5
{[%clk 1:30:07]} 3. d5 {[%clk 1:22:52]} b5 {[%clk 1:28:19]} 4. c4
{[%clk 1:18:55]} bxc4 {[%clk 1:22:11]} 5. Nc3 {[%clk 1:19:01]} d6
{[%clk 1:21:20]} 6. e4 {[%clk 1:14:36]} g6 {[%clk 1:21:30]} 7. Bxc4
{[%clk 1:13:59]} Bg7 {[%clk 1:21:38]} 8. O-O {[%clk 1:13:06]} O-O
{[%clk 1:21:54]} 9. h3 {[%clk 1:11:20]} Ba6 {[%clk 1:20:32]} 10. Nd2
{[%clk 1:06:42]} Nfd7 {[%clk 1:18:40]} 11. Qe2 {[%clk 1:04:24]} Qc8
{[%clk 1:15:08]} 12. Bxa6 {[%clk 1:02:49]} Qxa6 {[%clk 1:14:59]} 13. Qxa6
{[%clk 0:59:12]} Nxa6 {[%clk 1:15:15]} 14. Nc4 {[%clk 0:58:37]} Ne5
{[%clk 1:01:20]} 15. Na5 {[%clk 0:44:48]} Nb4 {[%clk 0:48:44]} 16. Rd1
{[%clk 0:38:09]} Ned3 {[%clk 0:43:29]} 17. Rb1 {[%clk 0:22:22]} Nxc1
{[%clk 0:35:51]} 18. Rbxc1 {[%clk 0:21:58]} Bh6 {[%clk 0:29:28]} 19. Rb1
{[%clk 0:22:12]} Rab8 {[%clk 0:28:32]} 20. a3 {[%clk 0:20:23]} Nc2
{[%clk 0:28:16]} 21. Nc6 {[%clk 0:20:48]} Rb7 {[%clk 0:28:31]} 22. Kf1
{[%clk 0:17:41]} Re8 {[%clk 0:24:21]} 23. Ke2 {[%clk 0:16:19]} Bg7
{[%clk 0:24:25]} 24. Kd3 {[%clk 0:06:57]} Nd4 {[%clk 0:24:40]} 25. b4
{[%clk 0:05:47]} a6 {[%clk 0:18:07]} 26. bxc5 {[%clk 0:05:10]} Nb3
{[%clk 0:17:19]} 27. Kc4 {[%clk 0:03:56]} Nxc5 {[%clk 0:16:42]} 28. Rxb7
{[%clk 0:04:18]} Nxb7 {[%clk 0:17:10]} 29. Rb1 {[%clk 0:04:34]} Nc5
{[%clk 0:17:22]} 30. f3 {[%clk 0:04:54]} f5 {[%clk 0:15:38]} 31. e5
{[%clk 0:03:21]} f4 {[%clk 0:07:19]} 32. Re1 {[%clk 0:01:37]} Kf8
{[%clk 0:06:28]} 33. Ne2 {[%clk 0:00:44]} Nd7 {[%clk 0:05:10]} 34. Nxf4
{[%clk 0:00:43]} Nxe5+ {[%clk 0:04:21]} 35. Nxe5 {[%clk 0:00:54]} Bxe5
{[%clk 0:04:50]} 36. Ne6+ {[%clk 0:01:14]} Kf7 {[%clk 0:04:47]} 37. f4
{[%clk 0:01:32]} Rc8+ {[%clk 0:04:36]} 38. Kd3 {[%clk 0:01:36]} Bf6
{[%clk 0:04:38]} 39. Ke4 {[%clk 0:00:58]} a5 {[%clk 0:02:36]} 40. Rb1
{[%clk 0:00:38]} h6 {[%clk 0:01:19]} 41. Rb3 {[%clk 0:00:34]} Ba1
{[%clk 0:00:37]} 42. g4 {[%clk 0:00:47]} Bg7 {[%clk 0:00:33]} 43. Rb7
{[%clk 0:00:42]} Rc4+ {[%clk 0:00:41]} 44. Kd3 {[%clk 0:00:55]} Rc3+
{[%clk 0:00:47]} 45. Ke4 {[%clk 0:01:20]} Rxa3 {[%clk 0:00:54]} 46. Nxg7
{[%clk 0:01:40]} Kxg7 {[%clk 0:01:18]} 47. Rxe7+ {[%clk 0:02:06]} Kf8
{[%clk 0:01:19]} 48. Re6 {[%clk 0:02:15]} Kf7 {[%clk 0:00:53]} 49. Rxd6
{[%clk 0:02:40]} Rxh3 {[%clk 0:01:16]} 50. Ra6 {[%clk 0:03:07]} Ra3
{[%clk 0:01:11]} 51. Ra7+ {[%clk 0:03:13]} Kf6 {[%clk 0:01:36]} 52. Ra6+
{[%clk 0:03:38]} Kf7 {[%clk 0:02:00]} 53. Ke5 {[%clk 0:03:30]} Re3+
{[%clk 0:01:31]} 54. Kd6 {[%clk 0:03:29]} Re4 {[%clk 0:01:25]} 55. g5
{[%clk 0:03:11]} h5 {[%clk 0:00:57]} 56. Ra7+ {[%clk 0:03:37]} Kf8
{[%clk 0:01:04]} 57. Ra8+ {[%clk 0:03:36]} Kf7 {[%clk 0:01:32]} 58. Ra7+
{[%clk 0:03:59]} Kf8 {[%clk 0:01:58]} 59. Rxa5 {[%clk 0:02:46]} Rxf4
{[%clk 0:02:22]} 60. Ke6 {[%clk 0:02:32]} h4 {[%clk 0:01:27]} 61. Ra8+
{[%clk 0:02:16]} Kg7 {[%clk 0:01:55]} 62. Ra7+ {[%clk 0:02:35]} Kf8
{[%clk 0:02:06]} 63. d6 {[%clk 0:02:04]} Re4+ {[%clk 0:01:58]} 64. Kf6
{[%clk 0:02:27]} Ke8 {[%clk 0:02:21]} 65. Rh7 {[%clk 0:02:19]} Rd4
{[%clk 0:01:51]} 66. Ke5 {[%clk 0:01:59]} Rg4 {[%clk 0:01:50]} 67. Ke6
{[%clk 0:01:23]} Re4+ {[%clk 0:01:57]} 68. Kf6 {[%clk 0:01:11]} Rd4
{[%clk 0:02:19]} 69. d7+ {[%clk 0:01:36]} Kd8 {[%clk 0:02:22]} 70. Kxg6
{[%clk 0:01:45]} Rxd7 {[%clk 0:01:14]} 71. Rxh4 {[%clk 0:01:44]} Rd1
{[%clk 0:00:36]} 72. Re4 {[%clk 0:02:00]} Rg1 {[%clk 0:00:37]} 73. Kf6
{[%clk 0:02:22]} Rf1+ {[%clk 0:01:00]} 74. Kg7 {[%clk 0:02:48]} Rg1
{[%clk 0:01:12]} 75. g6 {[%clk 0:03:13]} Kd7 {[%clk 0:01:36]} 76. Kf7
{[%clk 0:03:32]} Rf1+ {[%clk 0:01:53]} 77. Kg8 {[%clk 0:03:56]} Rg1
{[%clk 0:02:14]} 78. g7 {[%clk 0:04:21]} Rg2 {[%clk 0:02:25]} 79. Kf7
{[%clk 0:04:22]} Rf2+ {[%clk 0:02:41]} 80. Kg6 {[%clk 0:04:13]} Rg2+
{[%clk 0:02:58]} 81. Kf6 {[%clk 0:04:29]} Rg1 {[%clk 0:02:42]} 82. Re5
{[%clk 0:04:50]} 1-0

[Event "detiasii2b"]
[Site "?"]
[Date "2016.07.12"]
[Round "7.5"]
[White "Koniahli, Malek"]
[Black "Miciano, John Marvin"]
[Result "1/2-1/2"]
[BlackElo "2251"]
[WhiteElo "1958"]
[LiveChessVersion "1.4.8"]

1. d4 {[%clk 1:30:57]} Nf6 {[%clk 1:30:40]} 2. Nf3 {[%clk 1:31:23]} g6
{[%clk 1:30:51]} 3. Nbd2 {[%clk 1:31:30]} Bg7 {[%clk 1:30:29]} 4. e4
{[%clk 1:31:54]} d6 {[%clk 1:30:25]} 5. Bc4 {[%clk 1:32:08]} O-O {[%clk 1:29:31]}
6. O-O {[%clk 1:32:32]} Nc6 {[%clk 1:27:47]} 7. c3 {[%clk 1:29:58]} e5
{[%clk 1:23:27]} 8. dxe5 {[%clk 1:29:45]} Nxe5 {[%clk 1:19:11]} 9. Nxe5
{[%clk 1:28:41]} dxe5 {[%clk 1:19:35]} 10. Qe2 {[%clk 1:24:36]} Qe7
{[%clk 1:17:34]} 11. a4 {[%clk 1:14:47]} Be6 {[%clk 1:00:16]} 12. b3
{[%clk 1:06:02]} Bxc4 {[%clk 0:52:01]} 13. Qxc4 {[%clk 1:01:47]} Rfd8
{[%clk 0:48:54]} 14. Nf3 {[%clk 1:00:09]} Ne8 {[%clk 0:48:27]} 15. Bg5
{[%clk 0:56:23]} Bf6 {[%clk 0:48:42]} 16. Bxf6 {[%clk 0:56:43]} Nxf6
{[%clk 0:48:55]} 17. Rfe1 {[%clk 0:56:18]} c6 {[%clk 0:45:35]} 18. b4
{[%clk 0:50:48]} Kg7 {[%clk 0:37:29]} 19. h3 {[%clk 0:48:35]} Nd7
{[%clk 0:37:13]} 20. a5 {[%clk 0:47:00]} a6 {[%clk 0:37:36]} 21. Rad1
{[%clk 0:43:30]} Nf8 {[%clk 0:37:49]} 22. Qb3 {[%clk 0:40:36]} f6
{[%clk 0:35:46]} 23. Rxd8 {[%clk 0:32:40]} Rxd8 {[%clk 0:36:10]} 24. Rd1
{[%clk 0:32:54]} Rd7 {[%clk 0:36:28]} 25. Qc2 {[%clk 0:32:48]} Ne6
{[%clk 0:35:08]} 26. Rd2 {[%clk 0:31:23]} Qd8 {[%clk 0:34:43]} 27. Rxd7+
{[%clk 0:25:49]} Qxd7 {[%clk 0:35:07]} 28. Qe2 {[%clk 0:23:02]} Nf4
{[%clk 0:34:31]} 29. Qc4 {[%clk 0:21:03]} Qd6 {[%clk 0:25:28]} 30. Ne1
{[%clk 0:16:00]} h5 {[%clk 0:21:18]} 31. Kh2 {[%clk 0:14:54]} Ne6
{[%clk 0:16:10]} 32. Nd3 {[%clk 0:14:44]} h4 {[%clk 0:14:05]} 33. Nc5
{[%clk 0:12:50]} Nxc5 {[%clk 0:14:29]} 34. bxc5 {[%clk 0:13:04]} Qd2
{[%clk 0:14:28]} 35. Qb4 {[%clk 0:12:37]} Qxf2 {[%clk 0:12:13]} 36. Qxb7+
{[%clk 0:12:55]} Kh6 {[%clk 0:12:38]} 37. Qxc6 {[%clk 0:13:00]} Kg5
{[%clk 0:11:34]} 38. Qxa6 {[%clk 0:12:18]} Qf4+ {[%clk 0:11:43]} 39. Kh1
{[%clk 0:12:21]} Qc1+ {[%clk 0:07:39]} 1/2-1/2

[Event "detiasii2b"]
[Site "?"]
[Date "2016.07.12"]
[Round "7.6"]
[White "Sylyev, Nedir"]
[Black "Mestnikov, Aital"]
[Result "1-0"]
[BlackElo "2125"]
[WhiteElo "1855"]
[LiveChessVersion "1.4.8"]

1. e4 {[%clk 1:30:57]} c6 {[%clk 1:30:52]} 2. d4 {[%clk 1:31:23]} d5
{[%clk 1:31:18]} 3. exd5 {[%clk 1:31:47]} cxd5 {[%clk 1:31:45]} 4. c3
{[%clk 1:32:12]} Nf6 {[%clk 1:31:55]} 5. Bd3 {[%clk 1:32:36]} Nc6
{[%clk 1:32:16]} 6. Bf4 {[%clk 1:32:59]} Bg4 {[%clk 1:30:20]} 7. Qb3
{[%clk 1:33:14]} Qc8 {[%clk 1:26:41]} 8. Nd2 {[%clk 1:33:19]} e6 {[%clk 1:25:55]}
9. Ngf3 {[%clk 1:32:59]} Be7 {[%clk 1:25:44]} 10. O-O {[%clk 1:33:19]} O-O
{[%clk 1:25:51]} 11. Rfe1 {[%clk 1:33:10]} a6 {[%clk 1:25:04]} 12. a4
{[%clk 1:33:22]} Re8 {[%clk 1:23:33]} 13. Ne5 {[%clk 1:25:58]} Nxe5
{[%clk 1:23:48]} 14. Bxe5 {[%clk 1:26:05]} Bh5 {[%clk 1:19:04]} 15. c4
{[%clk 1:16:51]} Qd7 {[%clk 1:19:22]} 16. c5 {[%clk 1:08:24]} Bg6
{[%clk 1:16:04]} 17. h3 {[%clk 1:03:31]} Qc6 {[%clk 1:03:09]} 18. Bxg6
{[%clk 0:57:18]} hxg6 {[%clk 1:03:38]} 19. Qd3 {[%clk 0:54:20]} Nd7
{[%clk 1:01:31]} 20. Bg3 {[%clk 0:53:17]} b6 {[%clk 0:57:08]} 21. b4
{[%clk 0:39:15]} bxc5 {[%clk 0:56:32]} 22. bxc5 {[%clk 0:37:05]} Bd8
{[%clk 0:48:19]} 23. Nf3 {[%clk 0:32:38]} Bc7 {[%clk 0:47:59]} 24. Bxc7
{[%clk 0:28:40]} Qxc7 {[%clk 0:48:27]} 25. Rab1 {[%clk 0:26:11]} Qc6
{[%clk 0:45:37]} 26. a5 {[%clk 0:24:58]} Rab8 {[%clk 0:35:21]} 27. Rb6
{[%clk 0:17:19]} Nxb6 {[%clk 0:20:45]} 28. Ne5 {[%clk 0:17:36]} Qc8
{[%clk 0:13:05]} 29. axb6 {[%clk 0:18:01]} f6 {[%clk 0:07:39]} 30. Nf3
{[%clk 0:18:05]} e5 {[%clk 0:05:42]} 31. Qxg6 {[%clk 0:16:51]} Re6
{[%clk 0:01:19]} 32. Nh4 {[%clk 0:13:08]} exd4 {[%clk 0:01:00]} 33. Rxe6
{[%clk 0:11:24]} Qxe6 {[%clk 0:01:29]} 34. Nf5 {[%clk 0:11:53]} Rb7
{[%clk 0:00:33]} 35. Nd6 {[%clk 0:10:11]} Qe1+ {[%clk 0:00:32]} 36. Kh2
{[%clk 0:10:40]} Qe5+ {[%clk 0:00:44]} 37. Qg3 {[%clk 0:09:00]} d3
{[%clk 0:00:42]} 38. f4 {[%clk 0:06:33]} Qe2 {[%clk 0:00:31]} 39. c6
{[%clk 0:05:27]} Rxb6 {[%clk 0:00:33]} 40. Nf5 {[%clk 0:05:04]} g5
{[%clk 0:00:31]} 41. fxg5 {[%clk 0:05:03]} Qe5 {[%clk 0:00:43]} 42. Qxe5
{[%clk 0:05:20]} fxe5 {[%clk 0:01:12]} 43. c7 {[%clk 0:05:50]} Rc6
{[%clk 0:00:42]} 44. Ne7+ {[%clk 0:06:19]} Kg7 {[%clk 0:01:12]} 45. Nxc6
{[%clk 0:06:47]} d2 {[%clk 0:01:41]} 46. c8=Q {[%clk 0:07:13]} d1=Q
{[%clk 0:01:56]} 47. Nxe5 {[%clk 0:07:31]} Qh5 {[%clk 0:01:47]} 48. Qd7+
{[%clk 0:07:53]} Kg8 {[%clk 0:02:13]} 49. Qxd5+ {[%clk 0:08:16]} Kg7
{[%clk 0:02:28]} 50. Qd7+ {[%clk 0:08:32]} Kg8 {[%clk 0:02:57]} 51. Qe6+
{[%clk 0:08:54]} Kg7 {[%clk 0:03:22]} 52. Qf6+ {[%clk 0:09:17]} 1-0